000 00387nam a2200145Ia 4500
008 230711s9999||||xx |||||||||||||| ||und||
041 _aENG
082 _a621.381
_bBA-A
100 _aBalanis,Constantine A
245 0 _aAntenna theory : analysis and design
250 _a2nd . Ed.
260 _c1997
_aNew Delhi
_bJohn Wiley & Sons.Inc
650 _aElectronics Engineering
942 _cBK
999 _c3706
_d3706